LEADER 00799cam0 2200253 450 001 E600200031734 005 20201203091135.0 010 $a3534151860 100 $a20071121h2002 |||||ita|0103 ba 101 $ager 102 $aDE 200 1 $aOttonen und Salier$fLudger Körntgen 210 $aDarmstadt$cWissenschaftliche Buchgesellschaft$dc2002 215 $aVII, 140 p.$d24 cm 700 1$aKörntgen$b, Ludger$3A600200044848$4070$0503098 801 0$aIT$bUNISOB$c20201203$gRICA 850 $aUNISOB 852 $aUNISOB$j900$m136516 912 $aE600200031734 940 $aM 102 Monografia moderna SBN 941 $aM 957 $a900$b003346$gSi$d136516$racquisto$1beth$2UNISOB$3UNISOB$420071121104845.0$520201203091135.0$6rovito 996 $aOttonen und Salier$91687619 997 $aUNISOB